[Event "FRA-chT4"]
[Site "France"]
[Date "2013.04.08"]
[Round "7.1"]
[White "Bardoux, Thierry"]
[Black "Leghbali, Sophiane"]
[Result "1-0"]
[WhiteElo "2143"]
[BlackElo "1899"]
[PlyCount "47"]
[EventDate "2012.10.24"]
[EventType "team-swiss"]
[EventRounds "9"]
[EventCountry "FRA"]
[SourceTitle "EXT 2014"]
[Source "ChessBase"]
[SourceDate "2013.11.20"]
[SourceVersion "1"]
[SourceVersionDate "2013.11.20"]
[SourceQuality "1"]

1. d4 d5 2. Nf3 Nf6 3. e3 e6 4. Bd3 c5 5. c3 Nc6 6. 0-0 Bd7 7. Nbd2 c4 8. Bc2 b5 9. Qe2 Be7 10. Re1 0-0 11. e4 dxe4 12. Nxe4 Nd5 13. Bg5 h6 14. Bd2 Qc7 15. Ng3 Bd6 16. Ne5 Nce7 17. Qe4 Nf6 18. Qh4 Ned5 19. f4 Bc6 20. Ne4 Be7 21. Qh3 Qb6 22. Nxc6 Qxc6 23. Nxf6+ Nxf6 24. f5 1-0

[Event "FRA-chT4"]
[Site "France"]
[Date "2013.02.10"]
[Round "6"]
[White "Leghbali, Sophiane"]
[Black "Tatard, Marie"]
[Result "1-0"]
[WhiteElo "1894"]
[BlackElo "1855"]
[PlyCount "93"]
[EventDate "2012.10.24"]
[EventType "team-swiss"]
[EventRounds "9"]
[EventCountry "FRA"]
[SourceTitle "EXT 2014"]
[Source "ChessBase"]
[SourceDate "2013.11.20"]
[SourceVersion "1"]
[SourceVersionDate "2013.11.20"]
[SourceQuality "1"]

1. e4 e6 2. d4 d5 3. exd5 exd5 4. Bd3 Nf6 5. Nf3 Be7 6. 0-0 0-0 7. Re1 Bg4 8. c3 c5 9. Nbd2 Nc6 10. Qc2 Rc8 11. Qb1 cxd4 12. cxd4 Nb4 13. Ne5 Nxd3 14. Qxd3 Bh5 15. Nf1 Bg6 16. Nxg6 fxg6 17. Bg5 Qd6 18. Re5 Qb4 19. b3 Rc3 20. Qd2 Bd6 21. Bxf6 gxf6 22. Re6 Rc6 23. Qxb4 Bxb4 24. Rxc6 bxc6 25. Rc1 c5 26. dxc5 d4 27. c6 Bc3 28. Ng3 Rc8 29. Ne2 d3 30. Nxc3 Rxc6 31. Kf1 d2 32. Rd1 Rxc3 33. Rxd2 Rc7 34. Ke1 Kf7 35. Re2 f5 36. Kd2 Rc6 37. Kd3 a6 38. b4 Rc7 39. a4 Rc1 40. b5 axb5 41. axb5 Rc5 42. Rb2 Rc8 43. b6 Ke6 44. Kd4 Kd6 45. b7 Rb8 46. h4 Kd7 47. Kd5 1-0

[Event "FRA-chT4"]
[Site "France"]
[Date "2012.10.14"]
[Round "1"]
[White "Leghbali, Sophiane"]
[Black "Carre, Cedric"]
[Result "0-1"]
[WhiteElo "1894"]
[BlackElo "2066"]
[PlyCount "104"]
[EventDate "2012.10.24"]
[EventType "team-swiss"]
[EventRounds "9"]
[EventCountry "FRA"]
[SourceTitle "EXT 2014"]
[Source "ChessBase"]
[SourceDate "2013.11.20"]
[SourceVersion "1"]
[SourceVersionDate "2013.11.20"]
[SourceQuality "1"]

1. e4 Nf6 2. e5 Nd5 3. d4 d6 4. c4 Nb6 5. exd6 cxd6 6. Nf3 g6 7. b3 Bg7 8. Bb2 0-0 9. g3 Nc6 10. Bg2 a5 11. 0-0 a4 12. Na3 Bg4 13. Nb5 axb3 14. axb3 Qd7 15. Qd2 Rxa1 16. Rxa1 Ra8 17. Rxa8+ Nxa8 18. Bc3 Nc7 19. Nxc7 Qxc7 20. h3 Bf5 21. b4 Qb6 22. b5 Nb8 23. Qa2 Qc7 24. Qa8 b6 25. Bb4 Bd3 26. c5 Bxb5 27. cxb6 Qxb6 28. Ba5 Bc6 29. Bxb6 Bxa8 30. Kf1 Bd5 31. Ke2 Nc6 32. Kd3 Bf6 33. Ne1 Nb4+ 34. Kd2 Bxg2 35. Nxg2 Nd5 36. Ba7 Kf8 37. Ne3 Bg5 38. Kd3 Bxe3 39. fxe3 f5 40. Bb8 Kf7 41. e4 fxe4+ 42. Kxe4 Ke6 43. Ba7 g5 44. Kf3 h5 45. g4 h4 46. Ke4 Nf4 47. d5+ Nxd5 48. Bf2 Nf6+ 49. Kf3 d5 50. Bd4 Kd6 51. Ke2 e5 52. Bg1 d4 0-1

[Event "FRA-chT3"]
[Site "France"]
[Date "2012.01.15"]
[Round "4"]
[White "Puech, Armel"]
[Black "Leghbali, Sophiane"]
[Result "1-0"]
[WhiteElo "1810"]
[BlackElo "1901"]
[PlyCount "81"]
[EventDate "2012.01.20"]
[EventType "team-match"]
[EventRounds "9"]
[EventCountry "FRA"]
[SourceTitle "EXT 2014"]
[Source "ChessBase"]
[SourceDate "2013.11.20"]
[SourceVersion "1"]
[SourceVersionDate "2013.11.20"]
[SourceQuality "1"]

1. e4 e6 2. d4 d5 3. e5 c5 4. c3 Nc6 5. Nf3 Bd7 6. Be2 Nge7 7. 0-0 Nf5 8. b3 cxd4 9. cxd4 Be7 10. Na3 0-0 11. Nc2 Qb6 12. Bd3 Rac8 13. g4 Nh4 14. Nxh4 Bxh4 15. g5 Ne7 16. Ba3 Bxg5 17. Qh5 h6 18. h4 g6 19. Qg4 Rfe8 20. hxg5 h5 21. Qf4 Nf5 22. Bb2 Bb5 23. Bxb5 Qxb5 24. Rac1 Qe2 25. Rfe1 Qd3 26. Ne3 Qd2 27. Nxd5 Qxb2 28. Nf6+ Kf8 29. Nxe8 Rxe8 30. Rc7 Qxa2 31. Rxb7 a5 32. Rc1 Qe2 33. Rcc7 Qd3 34. Rxf7+ Kg8 35. Rg7+ Kh8 36. Rxg6 Qb1+ 37. Kh2 a4 38. Rh6+ Kg8 39. g6 Rf8 40. g7 Rf7 41. Rb8+ 1-0

[Event "FRA-chT4 1011"]
[Site "Champagne Ardennes"]
[Date "2011.05.16"]
[Round "7.3"]
[White "Coutier, Camille"]
[Black "Leghbali, Sophiane"]
[Result "0-1"]
[WhiteElo "1542"]
[BlackElo "1914"]
[PlyCount "151"]
[EventDate "2010.10.10"]
[EventType "team-tourn"]
[EventRounds "7"]
[EventCountry "FRA"]
[SourceTitle "EXT 2024"]
[Source "ChessBase"]
[SourceDate "2023.10.10"]
[SourceVersion "1"]
[SourceVersionDate "2023.10.10"]
[SourceQuality "1"]

1. d4 Nf6 2. c4 e6 3. Nc3 d5 4. Bg5 Be7 5. e3 0-0 6. Nf3 Nbd7 7. Rc1 c6 8. a3 a6 9. Bd3 dxc4 10. Bxc4 Nd5 11. Bxe7 Qxe7 12. Nxd5 exd5 13. Bd3 f5 14. 0-0 Nf6 15. Ne5 Ng4 16. Nxg4 fxg4 17. Qe2 Qh4 18. e4 Be6 19. b4 Rf6 20. Qe3 Raf8 21. Qg3 Qg5 22. Rcd1 dxe4 23. Bxe4 Bd5 24. Bxd5+ Qxd5 25. Qxg4 Rg6 26. Qh3 Rf5 27. Rfe1 h6 28. Rd3 Kh7 29. Rg3 Rgf6 30. Qg4 Qf7 31. Qe4 Kg8 32. Qe8+ Kh7 33. Qe4 g6 34. Qe7 Rxf2 35. Qxf7+ Rxf7 36. Rge3 Rd2 37. Re7 Kg7 38. R7e4 Rd3 39. R1e3 Rd1+ 40. Re1 Rxe1+ 41. Rxe1 Rd7 42. Re4 Kf6 43. Kf2 Rd5 44. Ke3 a5 45. Kd3 axb4 46. axb4 Rb5 47. Kc4 Kf5 48. Re5+ Rxe5 49. dxe5 Kxe5 50. Kc5 g5 51. Kb6 g4 52. Kxb7 Kd6 53. Kb6 h5 54. g3 Kd5 55. Kc7 c5 56. bxc5 Kxc5 57. Kd7 Kd5 58. Ke7 Ke5 59. Kf7 Kf5 60. Kg7 Kg5 61. Kf7 h4 62. Ke6 hxg3 63. hxg3 Kg6 64. Ke5 Kg5 65. Ke4 Kg6 66. Kf4 Kf6 67. Kxg4 Kg6 68. Kf4 Kf6 69. g4 Kg6 70. g5 Kg7 71. Kf5 Kf7 72. g6+ Kg7 73. Kg5 Kg8 74. Kf6 Kf8 75. g7+ Kg8 76. Kg6 0-1

[Event "FRA-chT4 1011"]
[Site "Champagne Ardennes"]
[Date "2011.02.06"]
[Round "5"]
[White "Crepaux, Jean Marie"]
[Black "Leghbali, Sophiane"]
[Result "0-1"]
[WhiteElo "1908"]
[BlackElo "1912"]
[PlyCount "82"]
[EventDate "2010.10.10"]
[EventType "team-tourn"]
[EventRounds "7"]
[EventCountry "FRA"]
[SourceTitle "EXT 2024"]
[Source "ChessBase"]
[SourceDate "2023.10.10"]
[SourceVersion "1"]
[SourceVersionDate "2023.10.10"]
[SourceQuality "1"]

1. e4 e6 2. d4 d5 3. e5 c5 4. c3 Nc6 5. Nf3 Nge7 6. Bd3 cxd4 7. cxd4 Nf5 8. Bxf5 exf5 9. Nc3 Be6 10. 0-0 Be7 11. Be3 0-0 12. Qd2 Na5 13. Qd3 Rc8 14. a3 Nc4 15. Rab1 Qc7 16. Rfc1 Qd7 17. Bf4 h6 18. h4 a6 19. g3 Rc6 20. Qe2 Rfc8 21. Nd1 Qd8 22. Ne3 g5 23. hxg5 hxg5 24. Nxg5 Bxg5 25. Qh5 Bxf4 26. gxf4 Nxe3 27. Rxc6 Rxc6 28. fxe3 Kf8 29. Kf2 Ke7 30. Qg5+ Kd7 31. Qxd8+ Kxd8 32. Ke2 Kc7 33. Kd3 Kb6 34. Rh1 Kb5 35. Rh7 Ka4 36. Rh2 Kb3 37. Rg2 Rc7 38. Rh2 Bd7 39. Rh7 Kxb2 40. a4 Bxa4 41. e6 Rc2 0-1

[Event "FRA-chT4 1011"]
[Site "Champagne Ardennes"]
[Date "2010.10.17"]
[Round "1"]
[White "Leghbali, Sophiane"]
[Black "Piermee, Emilien"]
[Result "0-1"]
[WhiteElo "1926"]
[BlackElo "2142"]
[PlyCount "68"]
[EventDate "2010.10.10"]
[EventType "team-tourn"]
[EventRounds "7"]
[EventCountry "FRA"]
[SourceTitle "EXT 2024"]
[Source "ChessBase"]
[SourceDate "2023.10.10"]
[SourceVersion "1"]
[SourceVersionDate "2023.10.10"]
[SourceQuality "1"]

1. e4 c5 2. Nf3 g6 3. d4 cxd4 4. Nxd4 Bg7 5. Nc3 Nc6 6. Be3 Nf6 7. f3 0-0 8. Qd2 d5 9. Nxc6 bxc6 10. 0-0-0 e6 11. Bc4 Qc7 12. Bb3 Bb7 13. Bc5 Rfd8 14. Qf2 Ba6 15. Kb1 Nd7 16. Ba3 Qb6 17. Qd2 Nc5 18. Qe1 d4 19. Ne2 Nxb3 20. axb3 d3 21. Nc1 dxc2+ 22. Kxc2 Rxd1 23. Qxd1 Rd8 24. Qe1 Qd4 25. Kb1 Bb5 26. Rg1 Bh6 27. Qa5 Bg5 28. Qe1 h5 29. h4 Be3 30. Rh1 Bd2 31. Qd1 Qf2 32. Qg1 Qxg1 33. Rxg1 Be3 34. Be7 Rd7 0-1

[Event "FRA-chT4 0809"]
[Site "France "]
[Date "2009.02.08"]
[Round "5"]
[White "Leghbali, Sophiane"]
[Black "Raulet, Alain"]
[Result "1-0"]
[WhiteElo "1878"]
[BlackElo "1965"]
[PlyCount "67"]
[EventDate "2008.10.??"]
[EventType "team-tourn"]
[EventRounds "9"]
[EventCountry "FRA"]
[SourceTitle "EXT 2010"]
[Source "ChessBase"]
[SourceDate "2010.11.25"]
[SourceVersion "1"]
[SourceVersionDate "2010.11.25"]
[SourceQuality "1"]

1. e4 c5 2. Nf3 e6 3. d4 cxd4 4. Nxd4 a6 5. Bc4 Nf6 6. Nc3 Qc7 7. Bb3 Bb4 8. 0-0 0-0 9. Nde2 Nc6 10. a3 Be7 11. f4 d6 12. Ng3 Bd7 13. Kh1 Rac8 14. Be3 Na5 15. Ba2 Nc4 16. Bxc4 Qxc4 17. Bd4 Rcd8 18. b3 Qc6 19. Qd3 b5 20. Na2 Qb7 21. Rac1 e5 22. Bb2 exf4 23. Rxf4 Ng4 24. Nf5 Bxf5 25. Rxf5 Ne5 26. Qd4 Bf6 27. Nc3 Nc6 28. Qe3 Nd4 29. Rxf6 gxf6 30. Qxd4 Qe7 31. Nd5 Qe5 32. Nxf6+ Kh8 33. Qxe5 dxe5 34. Bxe5 1-0

[Event "Charleville Mezieres op 5th"]
[Site "Charleville Mezieres"]
[Date "2008.??.??"]
[Round "6"]
[White "Leghbali, Sophiane"]
[Black "Roule, Alexandre"]
[Result "1-0"]
[WhiteElo "1876"]
[BlackElo "1640"]
[PlyCount "81"]
[EventDate "2008.12.26"]
[EventType "swiss"]
[EventRounds "7"]
[EventCountry "FRA"]
[SourceTitle "CBM 128 Extra"]
[Source "ChessBase"]
[SourceDate "2009.03.05"]
[SourceVersion "2"]
[SourceVersionDate "2009.03.25"]
[SourceQuality "1"]

1. e4 c5 2. Nf3 Nc6 3. d4 cxd4 4. Nxd4 Nf6 5. Nc3 e5 6. Ndb5 d6 7. Bg5 a6 8. Na3 b5 9. Nd5 Be7 10. Bxf6 Bxf6 11. c3 Bg5 12. Be2 Be6 13. 0-0 0-0 14. Nc2 Ne7 15. Nce3 Bxe3 16. Nxe3 Rc8 17. Qd2 Qd7 18. Rfd1 Rc6 19. Bd3 f5 20. exf5 Nxf5 21. Bxf5 Bxf5 22. Nxf5 Rxf5 23. Qd5+ Kh8 24. Rd3 Rf6 25. Qxe5 dxe5 26. Rxd7 Rcd6 27. Rd1 Rxd1+ 28. Rxd1 g5 29. Rd7 Kg8 30. Kf1 h6 31. Ke2 h5 32. Re7 Rf5 33. Ra7 Rf6 34. Re7 Rf5 35. Re6 a5 36. Ra6 a4 37. Ra5 e4 38. c4 Kf7 39. Rxb5 Rxb5 40. cxb5 Ke7 41. Ke3 1-0

[Event "Charleville Mezieres op 5th"]
[Site "Charleville Mezieres"]
[Date "2008.??.??"]
[Round "7"]
[White "Leghbali, Sophiane"]
[Black "Szylar, Eric"]
[Result "1-0"]
[WhiteElo "1876"]
[BlackElo "2086"]
[PlyCount "67"]
[EventDate "2008.12.26"]
[EventType "swiss"]
[EventRounds "7"]
[EventCountry "FRA"]
[SourceTitle "CBM 128 Extra"]
[Source "ChessBase"]
[SourceDate "2009.03.05"]
[SourceVersion "2"]
[SourceVersionDate "2009.03.25"]
[SourceQuality "1"]

1. e4 c5 2. Nf3 d6 3. d4 cxd4 4. Nxd4 Nf6 5. Nc3 g6 6. Be3 Bg7 7. f3 0-0 8. Qd2 Nc6 9. 0-0-0 d5 10. exd5 Nxd5 11. Nxc6 bxc6 12. Bd4 e5 13. Bc5 Be6 14. Ne4 Re8 15. Bc4 Qh4 16. Kb1 f5 17. Nd6 Red8 18. Bb3 Qf6 19. Ba3 a5 20. Nb7 Rdb8 21. Nc5 Bf8 22. Ka1 Rb5 23. c4 Bxc5 24. cxb5 Bd4 25. bxc6 Nb4 26. Rc1 Bxb3 27. axb3 Nxc6 28. Rc4 a4 29. Rxa4 Rxa4 30. bxa4 Qe6 31. Qh6 Ne7 32. Rc1 Qb3 33. Rc8+ Kf7 34. Qf8+ 1-0

[Event "FRA-chT4"]
[Site "Champagne Ardenne"]
[Date "2005.01.09"]
[Round "4"]
[White "Leghbali, Sophiane"]
[Black "Benoit, Sebastien"]
[Result "1-0"]
[WhiteElo "1610"]
[BlackElo "1780"]
[PlyCount "67"]
[EventDate "2005.01.09"]
[EventRounds "7"]
[EventCountry "FRA"]
[SourceTitle "EXT 2007"]
[Source "ChessBase"]
[SourceDate "2006.11.23"]
[SourceVersion "1"]
[SourceVersionDate "2006.11.23"]
[SourceQuality "1"]

1. e4 e5 2. Nf3 Nf6 3. Nc3 Bb4 4. d3 Nc6 5. Bd2 d5 6. Nxd5 Bxd2+ 7. Qxd2 Nxd5 8. exd5 Qxd5 9. Be2 Be6 10. 0-0 0-0 11. c3 Rad8 12. Rfd1 Rfe8 13. Qe3 Bf5 14. Ng5 h6 15. Ne4 Bxe4 16. dxe4 Qe6 17. Bb5 a6 18. Ba4 Rxd1+ 19. Bxd1 Rd8 20. Bb3 Qe7 21. a3 Na5 22. Ba2 Qd7 23. Qf3 Qd2 24. Bxf7+ Kh8 25. b4 Nc6 26. Bd5 Qg5 27. Qf7 Ne7 28. Bxb7 Ng6 29. Qf5 Qd2 30. Rf1 Rd6 31. Qc8+ Kh7 32. Bd5 Ne7 33. Qxc7 Nxd5 34. Qxd6 1-0

[Event "FRA-chT4"]
[Site "Ech Ardennais/La Francheville"]
[Date "2004.10.10"]
[Round "1"]
[White "Robert, Emmanuel"]
[Black "Leghbali, Sophiane"]
[Result "0-1"]
[WhiteElo "1510"]
[BlackElo "1510"]
[PlyCount "74"]
[EventDate "2004.10.10"]
[EventType "team"]
[EventRounds "3"]
[EventCountry "FRA"]
[SourceTitle "EXT 2007"]
[Source "ChessBase"]
[SourceDate "2006.11.23"]
[SourceVersion "1"]
[SourceVersionDate "2006.11.23"]
[SourceQuality "1"]

1. e4 e6 2. d4 d5 3. exd5 exd5 4. Bd3 Nf6 5. Bf4 c5 6. dxc5 Bxc5 7. f3 0-0 8. c3 Re8+ 9. Ne2 Qb6 10. b4 Bg1 11. Kd2 Be3+ 12. Bxe3 Qxe3+ 13. Kc2 Bd7 14. a4 Nc6 15. Re1 Rac8 16. Kb3 d4 17. Na3 Be6+ 18. c4 Ne5 19. Nc1 Qf4 20. Ne2 Qxh2 21. Nxd4 Nxd3 22. Qxd3 Rcd8 23. Nab5 a6 24. Rh1 Qf4 25. g3 Qxg3 26. Na3 Qf4 27. Nac2 Rd7 28. Rad1 Red8 29. Kc3 Rc7 30. c5 Nd5+ 31. Kb2 Nf6 32. Rhe1 a5 33. Nxe6 Rxd3 34. Rxd3 fxe6 35. Rd8+ Kf7 36. Nd4 Qd2+ 37. Nc2 Qxd8 0-1